| 000 | 00435nam a22001697a 4500 | ||
|---|---|---|---|
| 003 | SGT | ||
| 020 | _a9781032452494 | ||
| 082 |
_a617 _bB23O |
||
| 100 | _aO'CONNELL, P. RONAN | ||
| 245 | _aBAILEY & LOVE'S SHORT PRACTICE OF SURGERY | ||
| 250 | _a28TH | ||
| 260 |
_aBOCA RATON UK _bCRC PRESS PUB _c2023 |
||
| 300 | _a849,1675 | ||
| 650 | _aGENERAL SURGERY | ||
| 653 | _aBAILEY & LOVE'S SHORT PRACTICE OF SURGERY | ||
| 942 |
_2ddc _cBK |
||
| 999 |
_c25101 _d25101 |
||